LEADER 01195nam0-22003491i-450- 001 990002072300403321 005 20090318134212.0 035 $a000207230 035 $aFED01000207230 035 $a(Aleph)000207230FED01 035 $a000207230 100 $a20030910d2001----km-y0itay50------ba 101 0 $aita 102 $aIT 105 $ay-------001yy 200 1 $aUomini e parchi oggi$ereti ecologiche$eazioni locali di gestione territoriale per la conservazione dell'ambiente$fa cura di Jolanda Negri$gcon la collaborazione di Giovanna Tortorella 210 $aGargnano$cCentro studi Valerio Giacomini$d2001 215 $a221 p.$d29 cm 225 1 $aQuaderni di Gargnano$fCentro Studi Valerio Giacomini 300 $aIn testa al front.: Centro Studi Valerio Giacomini 300 $aContiene atti del Convegno svoltosi a Gargnano nell'ottobre 2000 610 0 $aEcologia 676 $a571.5 702 1$aNegri,$bJolanda 702 1$aTortorella,$bGiovanna 801 0$aIT$bUNINA$gRICA$2UNIMARC 901 $aBK 912 $a990002072300403321 952 $a61 VIII A.4/80$b9044 (17/10/02)$fDAGEN 959 $aDAGEN 996 $aUomini e parchi oggi$9233919 997 $aUNINA LEADER 01518cam0-22004931i-450- 001 990007118430403321 005 20060405150327.0 010 $a88-7213-080-8 035 $a000711843 035 $aFED01000711843 035 $a(Aleph)000711843FED01 035 $a000711843 100 $a20020917d2000----km-y0itay50------ba 101 0 $aita 102 $aIT 105 $ay-------001yy 200 1 $aStudi sul 1799 nel Molise$eindagine bibliografica dalla sezione molisana della Biblioteca provinciale "Pasquale Albino" di Campobasso$fIsa De Matteis, Giulia Severino 210 $aCampobasso$cEnne$dİ2000 215 $a78 p.$d24 cm 225 1 $aMemoria$v6 610 0 $aMolise$aStoria$a1799 610 0 $aMolise$a1799$astudi 610 0 $aBiblioteca provinciale Pasquale Albino$aCampobasso$aMolise 1799$abibliografia 676 $a016.945719$v21$zita 676 $a945.719 700 1$aDe Matteis,$bIsa$0334041 701 1$aSeverino,$bGiulia$0334042 801 0$aIT$bUNINA$gRICA$2UNIMARC 901 $aBK 912 $a990007118430403321 952 $a016.945 DEM 1$bBibl. 33885$fFLFBC 952 $aCollez. 2072 (6)$b35545$fFSPBC 952 $aMAT016.9457$b10983$fDECBC 952 $a13 L 64 16$b11933$fFINBC 952 $aSEZ.NA B 1903$b11462$fFARBC 952 $a60 DONO UNINA 41$b7795$fFAGBC 959 $aFLFBC 959 $aFSPBC 959 $aDECBC 959 $aFINBC 959 $aFARBC 959 $aFAGBC 996 $aStudi sul 1799 nel Molise$9702900 997 $aUNINA